| 000 | 01130nam0a22003011 4500 | ||
|---|---|---|---|
| 001 | rc\4219743 | ||
| 005 | 20130416105658.1 | ||
| 021 |
_aRU _b[57-14053] |
||
| 035 | _a(NLR Aleph) 008457889 | ||
| 090 |
_a7850447 _c7850447 |
||
| 100 | _a20130416d1957 |||y0rusy50 ca | ||
| 101 | 0 | _arus | |
| 102 | _aRU | ||
| 105 | _aa z ||||| | ||
| 200 | 1 |
_aАвтоматизация контроля конвертерных процессов _e[Доклад] _fКанд. физ.-мат. наук К.С. Гаргер, инж. Г.Д. Кривуля, инж. В.Д. Умнов [и др. |
|
| 210 |
_aМосква _cТип. Металлургиздата _d1957] |
||
| 215 |
_a7 с. _cчерт. _d26 |
||
| 300 | _aБез тит. л. и обл. | ||
| 333 | _aНа правах рукописи | ||
| 606 |
_aБессемеровское производство _xАвтоматический контроль _2psbo |
||
| 701 | 1 |
_aКривуля _bГ. Д. |
|
| 701 | 1 |
_aУмнов _bВ. Д. |
|
| 701 | 1 |
_aГаргер _bК. С. |
|
| 801 | 0 |
_aRU _bNLR _gpsbo |
|
| 801 | 1 |
_aRU _bELAR _2rusmarc |
|
| 852 |
_aNLR _j57-7/600 |
||
| 942 | _cBOOK | ||
| 980 | _aNB | ||